| 000 -CABECERA |
| Longitud fija campo de control |
00897nam a2200265 a 4500 |
| 001 - NÚMERO DE CONTROL |
| Número de control |
1087 |
| 003 - IDENTIFICADOR DEL NÚMERO DE CONTROL |
| Identificador del número de control |
CDMR |
| 005 - FECHA Y HORA DE LA ÚLTIMA TRANSACCIÓN |
| Fecha y hora de la última transacción |
20151016132401.0 |
| 008 - CÓDIGOS DE INFORMACIÓN DE LONGITUD FIJA |
| Códigos de información de longitud fija |
130130s1999||||||||||||||||||||||||||||d |
| 020 ## - NÚMERO INTERNACIONAL NORMALIZADO PARA LIBROS |
| Número Internacional Normalizado para Libros (ISBN) |
8477946256 |
| 024 ## - OTROS IDENTIFICADORES NORMALIZADOS |
| Fuente del número o código |
DL |
| Número normalizado o código |
B2300299 |
| 040 ## - FUENTE DE LA CATALOGACIÓN |
| Centro catalogador de origen |
CDMR |
| Lengua de catalogación |
cat |
| Centro transcriptor |
CDMR |
| 110 2# - PUNTO DE ACCESO PRINCIPAL-NOMBRE DE ENTIDAD CORPORATIVA |
| 9 (RLIN) |
855 |
| Nombre de entidad corporativa o nombre de jurisdicción como elemento inicial |
Associació de Dones Periodistes de Catalunya |
| 245 13 - MENCIÓN DE TÍTULO |
| Título |
El sexe de la notícia |
| Resto del título |
: reflexions sobre el gènere a la informació i recomanacions d'estil |
| Mención de responsabilidad, etc. |
[Elvira Altés, Marta Bach (coordinació), Joana Gallego ... et al.] |
| 260 ## - PUBLICACIÓN, DISTRIBUCIÓN, ETC. (PIE DE IMPRENTA) |
| Lugar de publicación, distribución, etc. |
Barcelona |
| Fecha de publicación, distribución, etc. |
1999 |
| Nombre del editor, distribuidor, etc. |
Diputació de Barcelona |
| 300 ## - DESCRIPCIÓN FÍSICA |
| Extensión |
125 p. |
| 490 ## - MENCIÓN DE SERIE |
| Mención de serie |
D+i |
| 650 04 - PUNTO DE ACCESO ADICIONAL DE MATERIA - TÉRMINO DE MATERIA |
| 9 (RLIN) |
3167 |
| Término de materia o nombre geográfico como elemento inicial |
Estudis de dones |
| 650 04 - PUNTO DE ACCESO ADICIONAL DE MATERIA - TÉRMINO DE MATERIA |
| 9 (RLIN) |
3769 |
| Término de materia o nombre geográfico como elemento inicial |
Sexisme en els mitjans de comunicació de massa |
| 650 04 - PUNTO DE ACCESO ADICIONAL DE MATERIA - TÉRMINO DE MATERIA |
| 9 (RLIN) |
3086 |
| Término de materia o nombre geográfico como elemento inicial |
Periodisme |
| Subdivisión de materia general |
Manuals d'estil |
| 700 1# - PUNTO DE ACCESO ADICIONAL - NOMBRE DE PERSONA |
| 9 (RLIN) |
1903 |
| Nombre de persona |
Altés, Elvira |
| 700 1# - PUNTO DE ACCESO ADICIONAL - NOMBRE DE PERSONA |
| 9 (RLIN) |
3047 |
| Nombre de persona |
Bach, Marta |
| 700 1# - PUNTO DE ACCESO ADICIONAL - NOMBRE DE PERSONA |
| 9 (RLIN) |
860 |
| Nombre de persona |
Gallego Ayala, Juana |
| 942 ## - ENTRADA DE ELEMENTOS AGREGADOS (KOHA) |
| Koha [por defecto] tipo de item |
Monografies |